[Event "VIII Festival A"]
[Site "Robecchetto con Induno ITA"]
[Date "1996.06.??"]
[Round "1"]
[White "Loda', Domenico"]
[Black "Tomasini, Giovanni"]
[Result "1/2-1/2"]
[WhiteElo "1632"]
[BlackElo "2011"]
[PlyCount "151"]
[EventDate "1996.06.24"]

1. e4 c5 2. Nc3 Nc6 3. g3 g6 4. Bg2 Bg7 5. d3 e6 6. Be3 d6 7. Qd2 Nge7 8. Nge2
Ne5 9. h3 f5 10. O-O O-O 11. f4 N5c6 12. Nd1 Rb8 13. c3 b6 14. Nf2 Bb7 15. h4
d5 16. Nh3 h6 17. e5 d4 18. Bf2 dxc3 19. bxc3 Nd5 20. a3 Na5 21. Rab1 Ne7 22.
Bxb7 Rxb7 23. Qc2 Qd5 24. Kh2 Rd7 25. Nc1 Rfd8 26. Ng1 g5 27. h5 gxf4 28. gxf4
Kh7 29. c4 Qc6 30. Bh4 Rg8 31. Nf3 Qc8 32. Bxe7 Rxe7 33. Nh4 Nc6 34. Ng6 Rd7
35. Rg1 Qe8 36. Rg3 Ne7 37. Qg2 Nxg6 38. hxg6+ Kh8 39. Ne2 Qd8 40. Qh3 Qe7 41.
Rh1 Rgd8 42. Kg1 Kg8 43. a4 a6 44. Nc3 Rd4 45. Ne2 Qd7 46. Nxd4 Qxd4+ 47. Re3
Qxf4 48. Qf3 Qd4 49. Kg2 Rf8 50. Rhe1 Qd7 51. Kh3 Qxa4 52. Qb7 f4 53. Rf3 Qe8
54. Rg1 b5 55. Qxa6 bxc4 56. Qxc4 Bxe5 57. Qxc5 Rf5 58. Rg4 Qa8 59. Qf2 Qa1 60.
Qf1 Qb2 61. Rf2 Qb7 62. Qg2 f3 63. Qf1 Qd5 64. Qe1 Rh5+ 65. Rh4 Rxh4+ 66. Kxh4
Bf6+ 67. Kg3 Be5+ 68. Kh3 Kg7 69. Qd1 Bd4 70. Qxf3 Qxf3+ 71. Rxf3 Kxg6 72. Rf4
Be5 73. Re4 Kf5 74. Kh4 Bf4 75. Kh5 e5 76. Rc4 1/2-1/2

[Event "VIII Festival A"]
[Site "Robecchetto con Induno ITA"]
[Date "1996.06.??"]
[Round "1"]
[White "Mantovani, Renzo"]
[Black "Sgnaolin, Davide"]
[Result "1-0"]
[WhiteElo "2365"]
[BlackElo "1931"]
[PlyCount "105"]
[EventDate "1996.06.24"]

1. d4 d5 2. c4 e6 3. Nc3 c5 4. cxd5 exd5 5. Nf3 Nc6 6. g3 Nf6 7. Bg2 Be7 8. O-O
O-O 9. Bg5 cxd4 10. Nxd4 h6 11. Be3 Re8 12. Rc1 Bf8 13. Qd2 Be6 14. Nxc6 bxc6
15. Na4 Qd7 16. Bc5 Bh3 17. Bxf8 Kxf8 18. Nc5 Qf5 19. Rc3 Bxg2 20. Kxg2 Ne4 21.
Qc2 d4 22. Rc4 Qd5 23. Nxe4 Rxe4 24. f3 Re6 25. Rd1 Rae8 26. e4 Qb5 27. Rdxd4
Qb6 28. Rc5 Re5 29. Rxe5 Rxe5 30. Qd2 Kg8 31. b3 Re7 32. h4 Qc7 33. Rd8+ Kh7
34. Qd6 Qxd6 35. Rxd6 f5 36. exf5 Re2+ 37. Kh3 Rxa2 38. Rxc6 Ra5 39. g4 Rb5 40.
Rc3 a5 41. Kg3 Rb4 42. f4 Kg8 43. h5 Kf7 44. g5 Rb5 45. Kg4 Rb4 46. Rc7+ Kf8
47. Rc8+ Kf7 48. g6+ Ke7 49. Rc7+ Kf8 50. Rf7+ Kg8 51. Ra7 Kf8 52. Ra8+ Ke7 53.
Rg8 1-0

[Event "VIII Festival A"]
[Site "Robecchetto con Induno ITA"]
[Date "1996.06.??"]
[Round "1"]
[White "Montaruli, Roberto"]
[Black "Larsen, Bo"]
[Result "1/2-1/2"]
[WhiteElo "1612"]
[BlackElo "1979"]
[PlyCount "91"]
[EventDate "1996.06.24"]

1. d4 Nf6 2. Nc3 d5 3. Bg5 Bf5 4. f3 Bg6 5. Qd2 c6 6. O-O-O Nbd7 7. Qf4 h6 8.
Bxf6 Nxf6 9. e4 e6 10. g4 Be7 11. h4 Qb8 12. e5 Nd7 13. Nh3 Qd8 14. h5 Bh7 15.
Kb1 a6 16. Rg1 Bg5 17. Nxg5 hxg5 18. Qe3 c5 19. Rh1 cxd4 20. Qxd4 Qc7 21. Re1
b5 22. Ka1 Qc5 23. Qd2 b4 24. Nb1 Qe7 25. h6 Rg8 26. Bd3 Bxd3 27. Qxd3 gxh6 28.
Rxh6 Qc5 29. Nd2 Qc7 30. Nb3 Nc5 31. Qh7 Nxb3+ 32. cxb3 O-O-O 33. Qd3 Kb7 34.
Rh7 Rd7 35. Kb1 Qb6 36. Qd2 Qb5 37. Rc1 Rc8 38. Rxc8 Kxc8 39. Rh1 Rc7 40. Re1
Kb7 41. Ka1 Qc5 42. Kb1 a5 43. Rd1 d4 44. Re1 Kb6 45. Qd3 Qd5 46. Re4 1/2-1/2

[Event "VIII Festival A"]
[Site "Robecchetto con Induno ITA"]
[Date "1996.06.??"]
[Round "1"]
[White "Pernisco, Ermanno"]
[Black "Larghi, Riccardo"]
[Result "1-0"]
[WhiteElo "2092"]
[BlackElo "1740"]
[PlyCount "81"]
[EventDate "1996.06.24"]

1. d4 Nf6 2. c4 c5 3. d5 b5 4. cxb5 a6 5. b6 d6 6. Nc3 Nbd7 7. e4 g6 8. Be2 Bg7
9. Nf3 O-O 10. O-O Nxb6 11. Ne1 Bb7 12. Bg5 Qc7 13. Nc2 e6 14. Ne3 exd5 15.
exd5 Rfe8 16. Bf3 Nfd7 17. Rc1 Ne5 18. Be2 f5 19. h4 Rab8 20. Qd2 Qf7 21. g3 h6
22. Bf4 Qf6 23. a4 Kh7 24. a5 Nbd7 25. Ng2 Nf7 26. Be3 Qd8 27. Nf4 Qxa5 28. Qc2
Bc8 29. h5 Nde5 30. hxg6+ Nxg6 31. Bd3 Nfe5 32. Bxf5 Bxf5 33. Qxf5 Qd8 34. Ne6
Qf6 35. Qh5 Ne7 36. Ne4 Qg6 37. Qxg6+ N5xg6 38. Nxg7 Kxg7 39. Nxd6 Red8 40.
Bxc5 Rxb2 41. Bd4+ 1-0

[Event "VIII Festival A"]
[Site "Robecchetto con Induno ITA"]
[Date "1996.06.??"]
[Round "1"]
[White "Quagliarella, Sabino Remo"]
[Black "Scavo, Fernando"]
[Result "0-1"]
[WhiteElo "1730"]
[BlackElo "2150"]
[PlyCount "92"]
[EventDate "1996.06.24"]

1. Nf3 Nf6 2. g3 b6 3. Bg2 Bb7 4. O-O c5 5. c4 g6 6. Nc3 Bg7 7. e3 d6 8. d4
Nbd7 9. Qc2 cxd4 10. exd4 O-O 11. b3 Rc8 12. Bb2 d5 13. Nd2 Qc7 14. Rfe1 Rfe8
15. Rad1 a6 16. Qb1 dxc4 17. Bxb7 Qxb7 18. bxc4 Nb8 19. d5 Nbd7 20. Ba3 Bf8 21.
Nce4 Nxe4 22. Rxe4 Nf6 23. Re3 b5 24. Rb3 Qa8 25. cxb5 axb5 26. Bb2 Qxd5 27.
Bxf6 exf6 28. Rxb5 Qa8 29. Qb3 Rcd8 30. a4 Rxd2 31. Rb1 Qa7 32. Rb6 Re6 33. a5
Rde2 34. Qc3 R2e5 35. Rb8 Qxa5 36. Qxa5 Rxa5 37. Rc8 Kg7 38. Rb7 Rae5 39. Rbb8
Bc5 40. Kg2 Rb6 41. Rg8+ Kh6 42. Rbc8 Rb2 43. g4 Rxf2+ 44. Kg3 Ra2 45. Rge8
Rxe8 46. Rxe8 Bd6+ 0-1

[Event "VIII Festival A"]
[Site "Robecchetto con Induno ITA"]
[Date "1996.06.??"]
[Round "1"]
[White "Ranieri, Fabrizio"]
[Black "Giretti Kanev, Jasen"]
[Result "1-0"]
[WhiteElo "1924"]
[BlackElo "2220"]
[PlyCount "57"]
[EventDate "1996.06.24"]

1. e4 c5 2. Nf3 d6 3. d4 cxd4 4. Nxd4 Nf6 5. Nc3 a6 6. Bg5 e6 7. f4 Be7 8. Qf3
Qc7 9. O-O-O Nbd7 10. g4 h6 11. Bxf6 Bxf6 12. h4 b6 13. Bg2 Bb7 14. Ndb5 axb5
15. Nxb5 Qc6 16. Nxd6+ Ke7 17. Nxb7 Bxb2+ 18. Kb1 Bc3 19. Qd3 Rxa2 20. Qxd7+
Kf6 21. e5+ Kg6 22. Qd3+ f5 23. gxf5+ exf5 24. h5+ Kf7 25. Qxf5+ Ke7 26. Rd7+
Qxd7 27. Qxd7+ Kxd7 28. Kxa2 Rf8 29. Kb3 1-0

[Event "VIII Festival A"]
[Site "Robecchetto con Induno ITA"]
[Date "1996.06.??"]
[Round "1"]
[White "Tortarolo, Massimiliano"]
[Black "Amarilli, Francesco"]
[Result "1-0"]
[WhiteElo "2235"]
[BlackElo "1890"]
[PlyCount "59"]
[EventDate "1996.06.24"]

1. e4 e6 2. d4 d5 3. Nc3 Bb4 4. e5 c5 5. a3 Bxc3+ 6. bxc3 Qc7 7. Nf3 Ne7 8. Bd3
b6 9. a4 Nbc6 10. O-O Bd7 11. Qd2 h6 12. Qf4 c4 13. Be2 Ng6 14. Qd2 O-O 15. Ba3
Rfc8 16. Ne1 a5 17. f4 Na7 18. g4 Bxa4 19. f5 Nh8 20. f6 Bc6 21. fxg7 Kxg7 22.
Bc1 Kf8 23. Qxh6+ Ke7 24. Bg5+ Kd7 25. Bf6 Ng6 26. Bg7 Ke7 27. h4 Rg8 28. Nf3
Kd8 29. Ng5 Be8 30. Qh7 1-0

[Event "VIII Festival A"]
[Site "Robecchetto con Induno ITA"]
[Date "1996.06.??"]
[Round "1"]
[White "Valenti, Giuseppe"]
[Black "Aglietti, Graziano"]
[Result "1-0"]
[WhiteElo "2210"]
[BlackElo "1755"]
[PlyCount "86"]
[EventDate "1996.06.24"]

1. e4 c5 2. Nf3 Nc6 3. d4 cxd4 4. Nxd4 Nf6 5. Nc3 g6 6. Be3 Bg7 7. Bc4 a6 8.
Nxc6 bxc6 9. e5 Ng8 10. Qf3 f5 11. g4 Bxe5 12. gxf5 Nf6 13. fxg6 hxg6 14. Qg2
Qa5 15. Qxg6+ Kd8 16. Bd2 Qc5 17. Bb3 a5 18. Na4 Qd4 19. Be3 Qg4 20. Bb6+ Bc7
21. Qxg4 Nxg4 22. f3 Ne5 23. O-O Ba6 24. Rf2 Bxb6 25. Nxb6 Rb8 26. Na4 Rf8 27.
Kg2 Ng6 28. Nc5 Nf4+ 29. Kh1 Bc8 30. Nd3 Nh3 31. Rg2 d5 32. Ne5 Kc7 33. Rg7 Kd6
34. Re1 Rb4 35. a3 Rd4 36. Rg6+ e6 37. c3 Rd2 38. Rg2 Nf2+ 39. Kg1 Nh3+ 40. Kf1
Ba6+ 41. c4 Rd4 42. Rg7 Rd2 43. Rd7+ Kc5 1-0

[Event "VIII Festival A"]
[Site "Robecchetto con Induno ITA"]
[Date "1996.06.??"]
[Round "1"]
[White "Vujovic, Milorad"]
[Black "Marino, Danilo"]
[Result "1-0"]
[WhiteElo "2345"]
[BlackElo "1851"]
[PlyCount "71"]
[EventDate "1996.06.24"]

1. c4 Nf6 2. Nc3 g6 3. d4 Bg7 4. e4 d6 5. f3 O-O 6. Be3 e5 7. d5 Nh5 8. g4 Nf4
9. h4 f5 10. exf5 gxf5 11. g5 Nh5 12. Nge2 f4 13. Bf2 Bf5 14. Bh3 Qd7 15. Bxf5
Qxf5 16. Ne4 Nd7 17. Qd3 Kh8 18. O-O-O b6 19. N2c3 Nc5 20. Nxc5 bxc5 21. Qxf5
Rxf5 22. Nb5 Rf7 23. Rd3 a6 24. Ra3 Ng3 25. Re1 Nf5 26. Nc3 Ng3 27. Rg1 h6 28.
Bxg3 fxg3 29. Ne4 Rf4 30. h5 hxg5 31. Rxg3 Rh4 32. Rb3 Rxh5 33. Rb7 Rc8 34. Kc2
Bh6 35. Kb3 Kg7 36. Nxd6 1-0

[Event "VIII Festival A"]
[Site "Robecchetto con Induno ITA"]
[Date "1996.06.??"]
[Round "2"]
[White "Aglietti, Graziano"]
[Black "Giordani, Marco"]
[Result "0-1"]
[WhiteElo "1755"]
[BlackElo "1947"]
[PlyCount "64"]
[EventDate "1996.06.24"]

1. c4 Nf6 2. Nc3 b6 3. Nf3 Bb7 4. g3 e6 5. Bg2 Be7 6. O-O O-O 7. d4 Ne4 8. d5
Nxc3 9. bxc3 Bf6 10. Nd4 e5 11. Nf5 d6 12. e4 Bc8 13. Ne3 g6 14. Ng4 Bg7 15.
Nh6+ Kh8 16. Qf3 f5 17. exf5 gxf5 18. Qh5 Qf6 19. Bg5 Qg6 20. Qh4 e4 21. Rfc1
Bf6 22. Bxf6+ Rxf6 23. Ng4 fxg4 24. Bxe4 Bf5 25. Re1 Nd7 26. Bxf5 Qxf5 27. Re7
Raf8 28. Rf1 Ne5 29. f4 Nf3+ 30. Rxf3 gxf3 31. g4 Qb1+ 32. Kf2 Qc2+ 0-1

[Event "VIII Festival A"]
[Site "Robecchetto con Induno ITA"]
[Date "1996.06.??"]
[Round "2"]
[White "Amarilli, Francesco"]
[Black "Schreiber, Edwin"]
[Result "1-0"]
[WhiteElo "1890"]
[BlackElo "1934"]
[PlyCount "99"]
[EventDate "1996.06.24"]

1. c4 g6 2. g3 Nf6 3. Bg2 d5 4. cxd5 Nxd5 5. Nc3 Nxc3 6. bxc3 Bg7 7. Qb3 c6 8.
Nf3 O-O 9. O-O Qb6 10. Rb1 Nd7 11. Ba3 Re8 12. Qc4 Qd8 13. d4 Nb6 14. Qd3 e5
15. dxe5 Qxd3 16. exd3 Bxe5 17. Rfe1 f6 18. d4 Nc4 19. Bc1 Bf5 20. Rb4 Bd6 21.
Rxc4 Bd3 22. Rxe8+ Rxe8 23. Ra4 a6 24. Bf1 Bc2 25. Bc4+ Kg7 26. Bb3 Bd3 27. c4
g5 28. Be3 Bf8 29. c5 Bb5 30. Ra3 b6 31. Ba4 bxc5 32. dxc5 g4 33. Bxb5 cxb5 34.
Nd4 Ra8 35. Nxb5 Rb8 36. Nc7 Rb1+ 37. Kg2 Kg6 38. Rxa6 Rb7 39. Nd5 Rf7 40. Bd4
Bg7 41. Nxf6 Bxf6 42. Rxf6+ Rxf6 43. Bxf6 Kxf6 44. f4 gxf3+ 45. Kxf3 Ke5 46. g4
Kd5 47. g5 Kxc5 48. Ke4 Kb4 49. h4 Ka3 50. h5 1-0

[Event "VIII Festival A"]
[Site "Robecchetto con Induno ITA"]
[Date "1996.06.??"]
[Round "2"]
[White "Barlocco, Carlo"]
[Black "Mrdja, Milan"]
[Result "0-1"]
[WhiteElo "2170"]
[BlackElo "2450"]
[PlyCount "100"]
[EventDate "1996.06.24"]

1. e4 c5 2. Nf3 e6 3. d4 cxd4 4. Nxd4 Nf6 5. Nc3 d6 6. Be2 a6 7. a4 Qc7 8. O-O
b6 9. f4 Bb7 10. Bf3 Nbd7 11. Kh1 Be7 12. Qe1 Rd8 13. Be3 O-O 14. Bg1 Nc5 15.
b4 Ncd7 16. b5 d5 17. bxa6 dxe4 18. Ndb5 exf3 19. Rxf3 Qc6 20. axb7 Qxb7 21.
Rd1 Nc5 22. Bxc5 Bxc5 23. Rfd3 Rxd3 24. Rxd3 Ng4 25. Nd6 Qc6 26. Nde4 Bb4 27.
h3 Nh6 28. Qb1 Ba5 29. Qb5 Qc7 30. Qe5 Qe7 31. Qg5 Qxg5 32. Nxg5 Nf5 33. g4 Ne7
34. Rd7 Ng6 35. Ne2 h6 36. Ne4 f5 37. gxf5 Rxf5 38. N4g3 Rc5 39. c3 Nf8 40. Re7
Bxc3 41. Nxc3 Rxc3 42. Kg2 Ng6 43. Rb7 Nxf4+ 44. Kf2 Nxh3+ 45. Kg2 Nf4+ 46. Kf2
Ra3 47. Ne4 Rxa4 48. Nd6 Nd5 49. Rb8+ Kh7 50. Re8 Rd4 0-1

[Event "VIII Festival A"]
[Site "Robecchetto con Induno ITA"]
[Date "1996.06.??"]
[Round "2"]
[White "Belotti, Bruno"]
[Black "Valenti, Giuseppe"]
[Result "1-0"]
[WhiteElo "2390"]
[BlackElo "2210"]
[PlyCount "43"]
[EventDate "1996.06.24"]

1. e4 c5 2. Nf3 e6 3. d4 cxd4 4. Nxd4 Nf6 5. Nc3 d6 6. g4 Nc6 7. g5 Nd7 8. Be3
Be7 9. Rg1 a6 10. Qh5 g6 11. Qh6 Bf8 12. Qh3 Bg7 13. O-O-O Nb6 14. Qg3 d5 15.
f4 Qc7 16. Qf2 Nc4 17. Bxc4 dxc4 18. e5 Nb4 19. Nde2 O-O 20. Bc5 Qa5 21. a3 Nd5
22. Rxd5 1-0

[Event "VIII Festival A"]
[Site "Robecchetto con Induno ITA"]
[Date "1996.06.??"]
[Round "2"]
[White "Carbone, Lorenzo"]
[Black "La Torre, Giovanni"]
[Result "0-1"]
[WhiteElo "1692"]
[BlackElo "1854"]
[PlyCount "54"]
[EventDate "1996.06.24"]

1. e4 Nc6 2. Nf3 d6 3. Be2 e5 4. d4 exd4 5. Nxd4 Nf6 6. Nc3 Be7 7. O-O O-O 8.
Be3 Re8 9. f4 Bf8 10. Bf3 Bd7 11. Qe1 Rb8 12. Qg3 Nxd4 13. Bxd4 c5 14. Bxf6
Qxf6 15. Rad1 Bc6 16. Rb1 Qh6 17. Nd5 Bxd5 18. exd5 Qf6 19. c3 b5 20. Rfe1 b4
21. cxb4 Rxe1+ 22. Qxe1 Rxb4 23. b3 Rxf4 24. Qa5 Rxf3 25. Qxa7 Qd4+ 26. Kh1 Rf2
27. Qa8 Qd2 0-1

[Event "VIII Festival A"]
[Site "Robecchetto con Induno ITA"]
[Date "1996.06.??"]
[Round "2"]
[White "Giretti Kanev, Jasen"]
[Black "Montaruli, Roberto"]
[Result "1-0"]
[WhiteElo "2220"]
[BlackElo "1612"]
[PlyCount "39"]
[EventDate "1996.06.24"]

1. Nf3 f5 2. Nc3 Nf6 3. d4 e6 4. Bg5 Be7 5. h4 d6 6. Bxf6 Bxf6 7. e4 Nd7 8. Bd3
fxe4 9. Nxe4 e5 10. Nfg5 Nf8 11. Qh5+ g6 12. Qf3 Bxg5 13. hxg5 Qe7 14. O-O-O
Kd8 15. Nf6 exd4 16. Rde1 Ne6 17. Bxg6 Nxg5 18. Rxe7 Nxf3 19. Rhxh7 Rxh7 20.
Re8# 1-0

[Event "VIII Festival A"]
[Site "Robecchetto con Induno ITA"]
[Date "1996.06.??"]
[Round "2"]
[White "Guglielmi, Nicolo'"]
[Black "Gandolfo, Marco"]
[Result "0-1"]
[WhiteElo "1770"]
[BlackElo "1961"]
[PlyCount "124"]
[EventDate "1996.06.24"]

1. c4 f5 2. Nc3 Nf6 3. d4 g6 4. g3 Bg7 5. Bg2 d6 6. Qb3 c6 7. Nh3 Qb6 8. Qxb6
axb6 9. O-O O-O 10. Rd1 Be6 11. d5 cxd5 12. cxd5 Bf7 13. Ng5 Rc8 14. Nxf7 Kxf7
15. a3 Nbd7 16. Rb1 Ne5 17. Nb5 Ned7 18. Nd4 Ra4 19. Ne6 Bh8 20. b3 Ra7 21. b4
Raa8 22. Bb2 Rc2 23. Nd4 Rc4 24. Rbc1 Rac8 25. Rxc4 Rxc4 26. e3 Rc8 27. Ne6 Rc2
28. Bd4 Bg7 29. h3 Rc8 30. Kf1 Nh5 31. Nxg7 Nxg7 32. Ke2 Ne8 33. f4 Nef6 34.
Kd3 Ra8 35. Ra1 b5 36. Bf3 h5 37. Kc2 Rc8+ 38. Kb2 Kf8 39. Be2 Nxd5 40. Bxb5
N7f6 41. Be2 Rc7 42. Rc1 Rxc1 43. Kxc1 Ke8 44. Kb2 Kd7 45. Kb3 Kc7 46. a4 Nd7
47. Bc4 e6 48. a5 Kb8 49. Ka4 Nc7 50. b5 d5 51. Be2 Ne8 52. g4 hxg4 53. hxg4
Nef6 54. gxf5 gxf5 55. b6 Ne4 56. Bh5 Nd6 57. Kb4 Kc8 58. Be2 Nb8 59. Be5 Nc6+
60. Kc5 Ne4+ 61. Kb5 Nxe5 62. fxe5 Nc3+ 0-1

[Event "VIII Festival A"]
[Site "Robecchetto con Induno ITA"]
[Date "1996.06.??"]
[Round "2"]
[White "Lanzani, Mario"]
[Black "Vujovic, Milorad"]
[Result "1-0"]
[WhiteElo "2320"]
[BlackElo "2345"]
[PlyCount "79"]
[EventDate "1996.06.24"]

1. Nf3 d5 2. d4 Nf6 3. c4 e6 4. Nc3 c6 5. Bg5 dxc4 6. e4 b5 7. e5 h6 8. Bh4 g5
9. Nxg5 hxg5 10. Bxg5 Nbd7 11. exf6 Bb4 12. g3 Bb7 13. Bg2 Qa5 14. O-O Bxc3 15.
bxc3 Qxc3 16. a4 a6 17. axb5 axb5 18. Rxa8+ Bxa8 19. Qa1 Qxa1 20. Rxa1 O-O 21.
Bh6 Rb8 22. Bg7 b4 23. Ra5 Nf8 24. Rh5 Ng6 25. Be4 Re8 26. Rc5 c3 27. h4 Rb8
28. h5 Nf8 29. g4 Rd8 30. f3 Rxd4 31. Kf2 Rd8 32. Ke3 e5 33. Bxf8 Rxf8 34. g5
Kh8 35. Kd3 Bb7 36. Kc4 Bc8 37. Kxb4 Be6 38. Kxc3 Ra8 39. g6 fxg6 40. hxg6 1-0

[Event "VIII Festival A"]
[Site "Robecchetto con Induno ITA"]
[Date "1996.06.??"]
[Round "2"]
[White "Larghi, Riccardo"]
[Black "Griffa, Roberto"]
[Result "0-1"]
[WhiteElo "1740"]
[BlackElo "1920"]
[PlyCount "122"]
[EventDate "1996.06.24"]

1. e4 c6 2. d4 d5 3. e5 Bf5 4. Nf3 e6 5. Be2 Nd7 6. O-O Ne7 7. Na3 Bg6 8. b4
Nf5 9. c3 b5 10. Nc2 Nb6 11. Bg5 Be7 12. Bxe7 Qxe7 13. Qd2 O-O 14. Ne3 a5 15.
bxa5 Nxe3 16. fxe3 Nc4 17. Bxc4 bxc4 18. a4 Rxa5 19. Ra2 Rfa8 20. Rfa1 h6 21.
Ne1 Qc7 22. Nc2 R5a7 23. Nb4 c5 24. dxc5 Qxc5 25. Qd4 Qc7 26. g3 Be4 27. Qd2
Qxe5 28. Nc6 Qh5 29. Qf2 Rc7 30. Nd4 Ra5 31. Qb2 Rc8 32. Rf1 Bd3 33. Re1 Rca8
34. Nc6 R5a6 35. Qb5 f6 36. Nb4 Ra5 37. Qc6 Qe8 38. Qxe8+ Rxe8 39. Nc6 Rc5 40.
Nb4 Ra8 41. Rea1 Rca5 42. Kf2 Be4 43. Ke2 Kf7 44. Kd2 Ke7 45. h4 Kd6 46. Rf1
Rc8 47. Rfa1 Rca8 48. Ke2 Bg6 49. Kd2 Be8 50. Nc2 Rxa4 51. Rxa4 Rxa4 52. Rxa4
Bxa4 53. Nd4 Bd7 54. Ne2 e5 55. Nc1 Kc5 56. Ne2 Bb5 57. Nc1 d4 58. Na2 Kd5 59.
Nb4+ Ke4 60. exd4 exd4 61. cxd4 Kxd4 0-1

[Event "VIII Festival A"]
[Site "Robecchetto con Induno ITA"]
[Date "1996.06.??"]
[Round "2"]
[White "Larsen, Bo"]
[Black "Attorre, Michele"]
[Result "1/2-1/2"]
[WhiteElo "1979"]
[BlackElo "2010"]
[PlyCount "71"]
[EventDate "1996.06.24"]

1. e4 c6 2. d4 d5 3. e5 Bf5 4. Nf3 e6 5. Be2 Nd7 6. O-O Nh6 7. b3 Ng4 8. c4 h5
9. cxd5 cxd5 10. Na3 a6 11. Nc2 Rc8 12. Ne3 Bg6 13. h3 Nh6 14. Bd3 Bxd3 15.
Qxd3 Be7 16. Bd2 Nf8 17. Rac1 Ng6 18. Rxc8 Qxc8 19. Rc1 Qd8 20. Nf1 Nf5 21. b4
Ngh4 22. Nxh4 Bxh4 23. Ne3 Nxe3 24. Bxe3 O-O 25. Qe2 g6 26. Bh6 Bg5 27. Bxg5
Qxg5 28. Rc7 Qf4 29. Qe3 Qf5 30. a3 Rb8 31. f3 h4 32. Qc3 Qf4 33. Rc8+ Rxc8 34.
Qxc8+ Kg7 35. Qc3 b5 36. Kh1 1/2-1/2

[Event "VIII Festival A"]
[Site "Robecchetto con Induno ITA"]
[Date "1996.06.??"]
[Round "2"]
[White "Loncar, Robert"]
[Black "Tortarolo, Massimiliano"]
[Result "1/2-1/2"]
[WhiteElo "2455"]
[BlackElo "2235"]
[PlyCount "96"]
[EventDate "1996.06.24"]

1. Nf3 Nf6 2. d4 g6 3. Nc3 d5 4. Bf4 Bg7 5. e3 Bf5 6. Be2 O-O 7. O-O Nbd7 8. h3
h6 9. Ne5 c6 10. Bh2 Nxe5 11. Bxe5 Ne4 12. Bxg7 Nxc3 13. bxc3 Kxg7 14. c4 Be6
15. cxd5 cxd5 16. Bd3 Rc8 17. Qe2 Rc3 18. Rfb1 Qc7 19. e4 Rd8 20. e5 Bf5 21.
Bxf5 gxf5 22. Qh5 Qd7 23. Rb3 Rdc8 24. Re1 R8c6 25. Re3 Rxe3 26. Rxe3 Qe6 27.
Rg3+ Kf8 28. Rb3 b6 29. c3 Rc4 30. Qf3 Qd7 31. Rb2 e6 32. Re2 Qa4 33. Re3 Qxa2
34. Kh2 Qb2 35. Qf4 Rxc3 36. Qxh6+ Ke8 37. Qh8+ Ke7 38. Qf6+ Ke8 39. h4 Rxe3
40. fxe3 Qe2 41. Qh8+ Kd7 42. h5 Qg4 43. Kg1 Qe2 44. Kh2 Qg4 45. Kg1 Qe2 46.
Kh1 Qe1+ 47. Kh2 Qh4+ 48. Kg1 Qe1+ 1/2-1/2

[Event "VIII Festival A"]
[Site "Robecchetto con Induno ITA"]
[Date "1996.06.??"]
[Round "2"]
[White "Marino, Danilo"]
[Black "Quagliarella, Sabino Remo"]
[Result "1/2-1/2"]
[WhiteElo "1851"]
[BlackElo "1730"]
[PlyCount "121"]
[EventDate "1996.06.24"]

1. e4 d6 2. d4 Nf6 3. Nc3 g6 4. Be2 Bg7 5. g4 O-O 6. g5 Nfd7 7. h4 e5 8. d5 f5
9. h5 Nc5 10. hxg6 hxg6 11. exf5 Bxf5 12. Be3 Nba6 13. Nf3 Ne4 14. Nxe4 Bxe4
15. Rh4 Bf5 16. Nh2 Nc5 17. Ng4 Ne4 18. Nh6+ Bxh6 19. Rxh6 Nxg5 20. Kd2 Ne4+
21. Kc1 Kg7 22. Qh1 Rh8 23. Bd3 Nxf2 24. Rxh8 Nxd3+ 25. cxd3 Qxh8 26. Kd2 Qxh1
27. Rxh1 a6 28. Bg5 Re8 29. Ke3 c6 30. Rc1 c5 31. b4 b6 32. bxc5 dxc5 33. Rb1
Rb8 34. Be7 Rb7 35. Bxc5 b5 36. Bd6 Kf6 37. Rc1 Rh7 38. Rc6 Rh3+ 39. Ke2 Bxd3+
40. Kd2 Be4 41. Rxa6 Bxd5 42. a4 bxa4 43. Rxa4 e4 44. Bc5 Rd3+ 45. Ke2 Kf5 46.
Rd4 Rxd4 47. Bxd4 Bc4+ 48. Kf2 g5 49. Kg3 Bf7 50. Be3 Bh5 51. Bd2 Bf3 52. Be3
g4 53. Bf4 Ke6 54. Kf2 Kd5 55. Ke3 Kc4 56. Be5 Kb3 57. Bf4 Kc2 58. Be5 Kd1 59.
Kf2 Kd2 60. Bf4+ Kd3 61. Bg5 1/2-1/2

[Event "VIII Festival A"]
[Site "Robecchetto con Induno ITA"]
[Date "1996.06.??"]
[Round "2"]
[White "Nurkic, Sahbaz"]
[Black "Delanoy, Arnaud"]
[Result "1-0"]
[WhiteElo "2365"]
[BlackElo "2150"]
[PlyCount "53"]
[EventDate "1996.06.24"]

1. e4 e5 2. Nf3 Nf6 3. Nc3 Bb4 4. Nxe5 O-O 5. Be2 Re8 6. Nd3 Bxc3 7. dxc3 Nxe4
8. O-O d5 9. Be3 c6 10. Re1 Bf5 11. Bf1 Nd7 12. f3 Nef6 13. Qd2 h6 14. a4 Ne5
15. Nxe5 Rxe5 16. a5 Qd7 17. Bd4 Rxe1 18. Rxe1 Ne8 19. Qf2 a6 20. Qg3 f6 21.
Bc5 Be6 22. Bd3 Qf7 23. h3 Nc7 24. Bg6 Qd7 25. Re2 d4 26. cxd4 Nd5 27. c4 1-0

[Event "VIII Festival A"]
[Site "Robecchetto con Induno ITA"]
[Date "1996.06.??"]
[Round "2"]
[White "Ruzza, Claudio"]
[Black "Loda', Domenico"]
[Result "1/2-1/2"]
[WhiteElo "1740"]
[BlackElo "1632"]
[PlyCount "103"]
[EventDate "1996.06.24"]

1. d4 Nf6 2. Nf3 d6 3. Bf4 g6 4. e3 Bf5 5. Be2 Bg7 6. h3 c6 7. c3 a5 8. O-O Na6
9. Nbd2 Ne4 10. a4 Nxd2 11. Qxd2 O-O 12. Rfe1 Nc7 13. Bf1 d5 14. Rac1 Ne8 15.
Bd3 Bxd3 16. Qxd3 Nd6 17. Nd2 Qd7 18. c4 Nxc4 19. Nxc4 dxc4 20. Qxc4 e6 21. Rc3
Rfe8 22. Qd3 Red8 23. Rd1 h5 24. Bg5 Re8 25. Qc2 Kh7 26. Rcd3 f6 27. Bf4 Bf8
28. e4 Bb4 29. Bd2 Bxd2 30. Qxd2 Re7 31. b3 b6 32. d5 cxd5 33. exd5 exd5 34.
Rxd5 Qe6 35. Qd3 Rb8 36. Rxh5+ Kg7 37. Rd5 Rbb7 38. Rd6 Qe5 39. Kf1 b5 40. Qd4
bxa4 41. Qxa4 Rb4 42. Qa2 Qb5+ 43. Kg1 Rbe4 44. Qa1 R4e5 45. Qc3 Rb7 46. Qc8
Rbe7 47. Rd8 Qxb3 48. R8d7 Qb4 49. Rxe7+ Rxe7 50. Rd7 a4 51. Qd8 Rxd7 52. Qxd7+
1/2-1/2

[Event "VIII Festival A"]
[Site "Robecchetto con Induno ITA"]
[Date "1996.06.??"]
[Round "2"]
[White "Sgnaolin, Davide"]
[Black "Cillo, Angelo"]
[Result "1-0"]
[WhiteElo "1931"]
[BlackElo "1794"]
[PlyCount "55"]
[EventDate "1996.06.24"]

1. e4 e5 2. Bc4 Nc6 3. Nf3 Nf6 4. Qe2 Bc5 5. c3 O-O 6. Bb3 d6 7. d3 Be6 8. Nbd2
Qe7 9. Nf1 Ng4 10. Ne3 Nxe3 11. Bxe3 Bb6 12. h3 Rae8 13. g4 Qd7 14. Nh4 d5 15.
Rd1 d4 16. Bc1 dxc3 17. bxc3 Ba5 18. Bd2 g6 19. O-O Kg7 20. Kh2 Rd8 21. Rg1 h6
22. Nf5+ gxf5 23. gxf5+ Kh7 24. Bxh6 Kxh6 25. f6 Bxc3 26. Qe3+ Kh7 27. Qg5 Nd4
28. Qh4# 1-0

[Event "VIII Festival A"]
[Site "Robecchetto con Induno ITA"]
[Date "1996.06.??"]
[Round "2"]
[White "Tomasini, Giovanni"]
[Black "Ranieri, Fabrizio"]
[Result "1/2-1/2"]
[WhiteElo "2011"]
[BlackElo "1924"]
[PlyCount "106"]
[EventDate "1996.06.24"]

1. e4 e6 2. Nf3 d5 3. Nc3 Nf6 4. e5 Nfd7 5. d4 c5 6. Bb5 Nc6 7. dxc5 Bxc5 8.
O-O O-O 9. Bf4 Qb6 10. Bd3 f5 11. Na4 Qb4 12. c4 dxc4 13. Bd2 Qb5 14. Nc3 Qa6
15. Be2 Ndxe5 16. Nxe5 Nxe5 17. Na4 Bd6 18. Be3 b5 19. Nb6 axb6 20. Qxd6 Nf7
21. Qxb6 Qxb6 22. Bxb6 Ra6 23. Bc5 Rd8 24. Bb4 Ne5 25. Bc3 Nc6 26. a3 Nd4 27.
Bd1 e5 28. f3 Bb7 29. Re1 e4 30. Kf2 Rh6 31. h3 exf3 32. Bxd4 Rxd4 33. Bxf3
Bxf3 34. Kxf3 Rd2 35. Re8+ Kf7 36. Rae1 Rhd6 37. R8e2 g5 38. Rxd2 Rxd2 39. Re5
Rxb2 40. Rxf5+ Kg6 41. g4 h5 42. Rc5 Rb3+ 43. Ke4 Rxh3 44. Rc6+ Kf7 45. gxh5
Rxa3 46. Kf5 Rf3+ 47. Kxg5 Rf1 48. h6 Rg1+ 49. Kf5 Rh1 50. Rc7+ Kg8 51. Kg6
Rg1+ 52. Kf6 Rf1+ 53. Kg6 Rg1+ 1/2-1/2